000 00781nam a22002057a 4500
999 _c12631
_d12631
003 AR-CdUCM
008 190409b ||||| |||| 00| 0 spa d
040 _aMUNICIPALIDAD PROVINCIAL DEL CUSCO
_cBIBLIOTECA MUNICIPAL DEL CUSCO
082 _a869.554 /
_bM23 / 1909
100 _aMatto de Turner, Clorinda
_9719
245 _aViaje de recreo :
_bEspaña, Francia, Inglaterra, Italia, Suiza y Alemania /
260 _aValencia :
_bF. Sempere y Cía,
_c1909.
300 _a321 páginas ;
_bilustraciones,
_c21 cm.
505 _aContenido: Salida de Buenos Aires -- España -- Francia -- Inglaterra -- Italia -- Suiza -- Alemania ...
650 _aEuropa
_91221
650 _aDescripciones y viajes
_9497
650 _aSiglo XX
_98
942 _2ddc
_cLIBROS
945 _aachl
_d2019-04-09